AC Milan Top Scorers in Every Champions League Season - Statistics

General Stats
  • This quiz has been taken 87 times
  • The average score is 18 of 31
Answer Stats
Competitions Goals Answer % Correct
Champions League 2010-11 4 Zlatan Ibrahimović
95%
Champions League 2011-12 5 Zlatan Ibrahimović
95%
Champions League 2003-04 4 Andriy Shevchenko / Kaká
93%
Champions League 2021-22 1 Fikayo Tomori / Brahim Díaz / Ante Rebić / Rafael Leão / Junior Messias
93%
Champions League 2004-05 6 Hernán Crespo / Andriy Shevchenko
93%
Champions League 2000-01 5 Andriy Shevchenko
91%
Champions League 2005-06 9 Andriy Shevchenko
91%
Champions League 2006-07 10 Kaká
89%
Champions League 2022-23 5 Olivier Giroud
87%
Champions League 2002-03 10 Filippo Inzaghi
86%
Champions League 2007-08 4 Filippo Inzaghi
86%
European Cup 1988-89 10 Marco van Basten
84%
European Cup 1989-90 3 Marco van Basten
84%
Champions League 1992-93 6 Marco van Basten
84%
European Cup 1990-91 1 Ruud Gullit / Angelo Carbone
75%
Champions League 2024-25 4 Christian Pulisic
70%
Champions League 2012-13 2 Alexandre Pato / Stephan El Shaarawy
57%
Champions League 1993-94 4 Daniele Massaro / Jean-Pierre Papin
49%
Champions League 2009-10 3 Ronaldinho
46%
Champions League 2013-14 3 Mario Balotelli
45%
European Cup 1955-56 4 Gunnar Nordahl
37%
Champions League 1999-00 2 Oliver Bierhoff
37%
European Cup 1962-63 14 José Altafini
30%
European Cup 1963-64 4 José Altafini
30%
Champions League 1994-95 4 Marco Simone
26%
Champions League 1996-97 4 Marco Simone
26%
Champions League 2023-24 2 Samuel Chukwueze
25%
European Cup 1968-69 6 Pierino Prati
22%
European Cup 1957-58 6 Ernesto Grillo
5%
European Cup 1969-70 3 Nestor Combin
5%
European Cup 1959-60 3 Giancarlo Danova
4%
No matching quizzes found
Score Distribution
Percent of People with Each Score
Percentile by Number Answered
Your Score History
You have not taken this quiz